L'ere des masses: les idees et la souite en Europe depuis 1870
Saved in:
| Main Author: | |
|---|---|
| Format: | Book |
| Language: | French |
| Published: |
París
Du Seuil
1980
|
| Series: | Histoire de la Pensee Europeenne, 6
|
| Subjects: | |
| Tags: |
Add Tag
No Tags, Be the first to tag this record!
|
MARC
| LEADER | 00000nam a2200000 a 4500 | ||
|---|---|---|---|
| 001 | UCX8994 | ||
| 003 | CL-VaPUC | ||
| 008 | 940510e19800000FR |||||||||||||||||fre|d | ||
| 082 | 0 | 4 | |a 940.28 |b BID |2 21 |
| 100 | 0 | |a Biddiss, Michael D |e author |9 326268 | |
| 245 | 1 | 2 | |a L'ere des masses: les idees et la souite en Europe depuis 1870 |
| 300 | |a 380 p | ||
| 942 | |c BK | ||
| 945 | |d 19940510 00:00:00 |a oaravena | ||
| 260 | |a París |b Du Seuil |c 1980 | ||
| 650 | 0 | |a Condiciones sociales |9 257278 | |
| 650 | 7 | |a HISTORIA SIGLO 19 |2 CL-VaPUC |9 257187 | |
| 650 | 0 | |a Civilización |9 255823 | |
| 651 | 0 | |a Europa |9 255156 | |
| 583 | |a last modification |c 20180403 05:14:09 |k Rodrigo Vera | ||
| 490 | 0 | |a Histoire de la Pensee Europeenne, 6 | |
| 999 | |c 228355 |d 228353 | ||
| 952 | |0 0 |1 0 |4 0 |6 940_280000000000000_BID_1980 |7 0 |8 A |9 228323 |a BIBHIS |b BIBHIS |d 2019-11-15 |i 2974819 |o 940.28 BID 1980 |p 2974819 |r 2025-01-20 |w 2019-11-15 |y BK |k HIS | ||